|
|
|
|
| LEADER |
00000cam a2200000 a 4500 |
| 001 |
vtls001380652 |
| 003 |
SK-MaSNL |
| 005 |
20260301161354.0 |
| 008 |
240313s1973 xr e n 00000 cze |
| 015 |
|
|
|a SNBA1973
|
| 035 |
|
|
|a SNK000334648
|
| 040 |
|
|
|a SNK
|b slo
|c SNK
|e AACR2
|
| 041 |
0 |
|
|a cze
|
| 044 |
|
|
|a xr
|c CZ
|
| 100 |
1 |
|
|a Štorkán, Karel,
|d 1923-2007
|4 aut
|9 121041
|
| 245 |
1 |
0 |
|a Teorie publicistiky
|b určeno pro posl. fak. sociálních věd a publicistiky
|
| 250 |
|
|
|a 1. vyd.
|
| 260 |
|
|
|a Praha
|b SPN
|b Univ. Karlova
|c 1973
|
| 300 |
|
|
|a 216 s.
|
| 500 |
|
|
|a Pozn. Odkazy na lit. Ukázky část. přel. z růz. jazyků. Ofset
|
| 650 |
0 |
7 |
|a publicistika
|2 SNKPH
|9 19168
|
| 655 |
|
7 |
|a učebnice vysokých škôl
|2 SNKPH
|9 70191
|
| 954 |
|
|
|a odborná, vedecká literatúra cudzojazyčná (svetová)
|2 lita
|
| 958 |
|
|
|a OND
|
| 958 |
|
|
|a CZ
|
| 999 |
|
|
|c 809173
|d 811103
|
| 952 |
|
|
|t P60, <04>, [BOOK], {604}
|a SNK
|b SNK
|y VYP
|7 0
|p 17A0223914
|o snkSB 19241 D1
|i snkKIP 3439/73
|8 0
|0 0
|1 0
|4 0
|d 2000-01-12
|l 0
|r 2005-01-02 00:00:00
|w 2026-02-24
|
| 952 |
|
|
|a SNK
|b SNK
|y PREZ
|7 0
|p 17A0897919
|o snkSB 19241
|i snkKIP 3438/73
|0 0
|1 0
|4 0
|d 2012-07-24
|l 0
|r 2025-03-20 00:00:00
|w 2026-02-24
|